Historia de la vida privada (Record no. 3649)

MARC details
000 -LEADER
campo de control de longitud fija 01290nam a2200409 a 4500
003 - IDENTIFICADOR DE NÚMERO DE CONTROL
campo de control AR-BaBNM
005 - FECHA Y HORA DE LA ÚLTIMA TRANSACCIÓN
campo de control 20251128203508.0
008 - DATOS DE LONGITUD FIJA--INFORMACIÓN GENERAL
campo de control de longitud fija 082120s2002 ||||||||||||||000 | spa||
020 ## - NÚMERO INTERNACIONAL ESTÁNDAR DEL LIBRO
Número Internacional Estándar del Libro 84-306-9794-2
040 ## - FUENTE DE CATALOGACIÓN
Centro/agencia transcriptor AR-BaBNM
245 00 - MENCIÓN DEL TÍTULO
Título Historia de la vida privada
Resto del título el proceso de cambio en la sociedad de los siglos XVI-XVIII. 5
250 ## - MENCION DE EDICION
Mención de edición 1ª ed.
260 ## - PUBLICACIÓN, DISTRIBUCIÓN, ETC.
Lugar de publicación, distribución, etc. Madrid
Nombre del editor, distribuidor, etc. Taurus
Fecha de publicación, distribución, etc. 1992
300 ## - DESCRIPCIÓN FÍSICA
Extensión 419 p.
Otros detalles físicos il.
500 ## - NOTA GENERAL
Nota general Contiene referencias bibliográficas en p. 407
500 ## - NOTA GENERAL
Nota general Indice onomástico en p. 413
500 ## - NOTA GENERAL
Nota general Indice temático en p. 416
650 #4 - PUNTO DE ACCESO ADICIONAL DE MATERIA--TÉRMINO DE MATERIA
Término de materia o nombre geográfico como elemento de entrada SOCIOLOGIA CULTURAL
650 #4 - PUNTO DE ACCESO ADICIONAL DE MATERIA--TÉRMINO DE MATERIA
Término de materia o nombre geográfico como elemento de entrada LITERATURA
650 #4 - PUNTO DE ACCESO ADICIONAL DE MATERIA--TÉRMINO DE MATERIA
Término de materia o nombre geográfico como elemento de entrada HISTORIA LITERARIA
650 #4 - PUNTO DE ACCESO ADICIONAL DE MATERIA--TÉRMINO DE MATERIA
Término de materia o nombre geográfico como elemento de entrada POLITICA
650 #4 - PUNTO DE ACCESO ADICIONAL DE MATERIA--TÉRMINO DE MATERIA
Término de materia o nombre geográfico como elemento de entrada ANTROPOLOGIA CULTURAL Y SOCIAL
650 #4 - PUNTO DE ACCESO ADICIONAL DE MATERIA--TÉRMINO DE MATERIA
Término de materia o nombre geográfico como elemento de entrada VIDA SOCIAL
650 #4 - PUNTO DE ACCESO ADICIONAL DE MATERIA--TÉRMINO DE MATERIA
Término de materia o nombre geográfico como elemento de entrada VIDA COTIDIANA
650 #4 - PUNTO DE ACCESO ADICIONAL DE MATERIA--TÉRMINO DE MATERIA
Término de materia o nombre geográfico como elemento de entrada COSTUMBRES Y TRADICIONES
700 1# - ENTRADA AGREGADA--NOMBRE PERSONAL
Nombre de persona Ariès, Philippe
Término indicativo de función/relación director
700 1# - ENTRADA AGREGADA--NOMBRE PERSONAL
Nombre de persona Duby, Georges
Término indicativo de función/relación director
700 1# - ENTRADA AGREGADA--NOMBRE PERSONAL
Nombre de persona Martín Montero, María Concepción
Término indicativo de función/relación traductor
700 1# - ENTRADA AGREGADA--NOMBRE PERSONAL
Nombre de persona Castan, Yves
Término indicativo de función/relación colaborador
700 1# - ENTRADA AGREGADA--NOMBRE PERSONAL
Nombre de persona Chartier, Roger
Término indicativo de función/relación colaborador
700 1# - ENTRADA AGREGADA--NOMBRE PERSONAL
Nombre de persona Flandrin, Jean-Louis
Término indicativo de función/relación colaborador
700 1# - ENTRADA AGREGADA--NOMBRE PERSONAL
Nombre de persona Gélis, Jacques
Término indicativo de función/relación colaborador
700 1# - ENTRADA AGREGADA--NOMBRE PERSONAL
Nombre de persona Lebrun, François
Término indicativo de función/relación colaborador
700 1# - ENTRADA AGREGADA--NOMBRE PERSONAL
Nombre de persona Revel, Jacques
Término indicativo de función/relación colaborador
942 ## - ELEMENTOS DE ENTRADA SECUNDARIOS (KOHA)
Tipo de ítem Koha Libros
998 ## - INFORMACIÓN DE CONTROL LOCAL (RLIN)
Iniciales del catalogador, CIN (RLIN) MARTIN
Holdings
Estatus retirado Estado de pérdida Fuente de la clasificación o esquema de estantería Estado de daño Restricciones de uso No para préstamo Biblioteca de origen Biblioteca actual Fecha de adquisición Total de préstamos Signatura topográfica completa Código de barras Visto por última vez Precio de reemplazo Tipo de ítem Koha
    Clasificación Decimal Dewey   Acceso restringido No para préstamo Liberty Liberty 28/11/2025   39 ARI 5 032748 28/11/2025 28/11/2025 Libros